Lengua castellana y literatura 1 : ESO

Gespeichert in:
Bibliographische Detailangaben
Weitere Verfasser: Bravo de la Varga, Roberto
Format: Buch
Sprache:Spanisch
Erschienen: Barcelona : Casals, 2011
Katalog:MANES:  Suchergebnis im Bibliothekskatalog
Schulbuchspezifische Eigenschaften:
Tags: Tag hinzufügen
Keine Tags, Fügen Sie den ersten Tag hinzu!
Hinzugefügt zu:09.02.2019
Geändert in:07.05.2025

MARC

LEADER 00000cam a2200000 i 4500
005 20250507134543.0
008 190210s2011 espao fp 000 0 spa
020 |a 9788421843390 
040 |a uned  |b spa  |c entro-manes 
245 0 0 |a Lengua castellana y literatura 1 :   |b ESO /   |c Roberto Bravo ... [et al.] 
260 |a Barcelona :   |b Casals,   |c 2011 
300 |a 295 p. :   |b il. +   |e 1 videodisco (DVD) 
546 |a España 
561 |5 es-BUNED  |3 L.T.M. 2216  |a España. Fondo Manes UNED  |k MANES 
690 0 |a LEN 
700 1 |a Bravo de la Varga, Roberto  |9 40399 
942 |2 ddc  |c BK 
999 |c 97103  |d 97103 
999 |c manes:97103  |d 97103